[Event "Titled Tuesday intern op 16th Apr Late"]
[Site "Chess.com INT"]
[Date "2024.04.16"]
[Round "6"]
[White "Beerdsen, Thomas"]
[Black "Bortnyk, Olexandr"]
[Result "1-0"]
[WhiteElo "2504"]
[BlackElo "2608"]
[PlyCount "69"]
[EventDate "2024.04.16"]
[EventType "swiss (blitz)"]
[EventRounds "11"]
[EventCountry "USA"]
[SourceTitle "CB17_2024"]
[SourceDate "2024.04.24"]
[SourceVersion "1"]
[SourceVersionDate "2024.04.24"]
[SourceQuality "1"]

1. e4 Nf6 2. Nc3 d5 3. exd5 Nxd5 4. Nf3 Nxc3 5. bxc3 g6 6. d4 Bg7 7. Bd3 c5 8. 0-0 0-0 9. dxc5 Qa5 10. Rb1 Qxc5 11. Re1 Nc6 12. Rb5 Qd6 13. Bg5 Bxc3 14. Re3 a6 15. Rb1 Bg7 16. Qe1 e5 17. Be4 Re8 18. Rd3 Qc7 19. Qc3 Be6 20. a4 Rac8 21. h3 f5 22. Bd5 e4 23. Bxe6+ Rxe6 24. Qc4 Kf7 25. Bf4 Qxf4 26. Rd7+ Ne7 27. Rxe7+ Kxe7 28. Rxb7+ Kf6 29. Qd4+ Qe5 30. Nxe5 Rxe5 31. Rxg7 Rce8 32. Rxh7 f4 33. Ra7 e3 34. Rxa6+ Kg5 35. fxe3 1-0

[Event "Leiden Noteboom op 83rd"]
[Site "Leiden"]
[Date "2024.02.16"]
[Round "1"]
[White "De Man, Luuk"]
[Black "Beerdsen, Thomas"]
[Result "0-1"]
[WhiteElo "1911"]
[BlackElo "2501"]
[PlyCount "92"]
[EventDate "2024.02.16"]
[EventType "swiss"]
[EventRounds "6"]
[EventCountry "NED"]
[SourceTitle "CB08_2024"]
[SourceDate "2024.02.21"]
[SourceVersion "1"]
[SourceVersionDate "2024.02.21"]
[SourceQuality "1"]

1. e4 c5 2. Nf3 e6 3. d4 cxd4 4. Nxd4 Nc6 5. Nc3 Qc7 6. Be3 a6 7. f4 b5 8. Bd3 Nxd4 9. Bxd4 Qxf4 10. Rf1 Qh4+ 11. g3 Qe7 12. e5 Nh6 13. Be4 Rb8 14. Ba7 Rb7 15. Bxb7 Bxb7 16. Qd3 Qg5 17. Be3 Qxe5 18. 0-0-0 Bc6 19. Bf4 Qh5 20. Ne4 Nf5 21. Nd6+ Bxd6 22. Bxd6 f6 23. Rf4 Qg5 24. Kb1 h5 25. Rg1 Bd5 26. Bb4 h4 27. Bd2 hxg3 28. hxg3 Qg6 29. g4 Ne7 30. Qc3 Rh2 31. g5 f5 32. Rff1 Be4 33. Rc1 e5 34. Be3 Qe6 35. Bc5 Nc6 36. Qg3 Rh5 37. Rge1 Kf7 38. Qf2 Kg6 39. Red1 d5 40. Qd2 d4 41. Qe2 Qc4 42. Qxc4 bxc4 43. b3 c3 44. a4 a5 45. b4 axb4 46. Ka1 Rh8 0-1

[Event "Titled Tuesday intern op 13th Feb Early"]
[Site "Chess.com INT"]
[Date "2024.02.13"]
[Round "4"]
[White "Beerdsen, Thomas"]
[Black "Sarana, Alexey"]
[Result "1-0"]
[WhiteElo "2501"]
[BlackElo "2697"]
[PlyCount "83"]
[EventDate "2024.02.13"]
[EventType "swiss (blitz)"]
[EventRounds "11"]
[EventCountry "USA"]
[SourceTitle "CB08_2024"]
[SourceDate "2024.02.21"]
[SourceVersion "1"]
[SourceVersionDate "2024.02.21"]
[SourceQuality "1"]

1. e4 c5 2. Nf3 e6 3. d4 cxd4 4. Bg5 f6 5. Bc1 Nc6 6. Nxd4 Nxd4 7. Qxd4 Ne7 8. Nc3 Nc6 9. Qd1 Bc5 10. Qh5+ g6 11. Qxc5 d6 12. Qe3 0-0 13. Bc4 a6 14. 0-0 b5 15. Bb3 Kh8 16. Qg3 Qe7 17. Bf4 Ne5 18. Rad1 g5 19. Be3 Bb7 20. a3 Rg8 21. Rfe1 h5 22. Bd4 h4 23. Qe3 Ng6 24. Qxg5 Kg7 25. Qd2 Kh7 26. h3 f5 27. Kh2 e5 28. exf5 Nf4 29. Bxg8+ Rxg8 30. Rg1 Qg5 31. g4 exd4 32. Qxd4 Nh5 33. Rde1 Nf6 34. Re7+ Rg7 35. f4 Nxg4+ 36. Rxg4 Qxe7 37. f6 Rxg4 38. fxe7 Rg2+ 39. Kh1 Rg5+ 40. Qe4+ Bxe4+ 41. Nxe4 Rg8 42. Nf6+ 1-0

[Event "Titled Tuesday intern op 13th Feb Early"]
[Site "Chess.com INT"]
[Date "2024.02.13"]
[Round "3"]
[White "Xie, Bryan"]
[Black "Beerdsen, Thomas"]
[Result "0-1"]
[WhiteElo "2266"]
[BlackElo "2501"]
[PlyCount "92"]
[EventDate "2024.02.13"]
[EventType "swiss (blitz)"]
[EventRounds "11"]
[EventCountry "USA"]
[SourceTitle "CB08_2024"]
[SourceDate "2024.02.21"]
[SourceVersion "1"]
[SourceVersionDate "2024.02.21"]
[SourceQuality "1"]

1. e4 e5 2. Nf3 Nc6 3. Bc4 Nf6 4. d3 h6 5. 0-0 d6 6. a4 g5 7. Re1 g4 8. Nfd2 Qe7 9. Nf1 Be6 10. Nbd2 0-0-0 11. c3 d5 12. exd5 Nxd5 13. Ne3 Nf4 14. Bxe6+ Qxe6 15. Qxg4 Qxg4 16. Nxg4 Nxd3 17. Rd1 f5 18. Ne3 f4 19. Nec4 Be7 20. Ne4 Nc5 21. Rxd8+ Rxd8 22. Ned2 e4 23. b4 Nb3 24. Rb1 e3 25. fxe3 Nxc1 26. Rxc1 fxe3 27. Nf3 Rd3 28. Ne1 Rd2 29. Nxe3 Ra2 30. N1c2 Rxa4 31. Rf1 Ra2 32. Rf7 Bg5 33. b5 Ne5 34. Rg7 Rb2 35. h4 Bxh4 36. Nd4 Bf2+ 37. Kh2 Bxe3 38. Ne6 Bb6 39. Rg8+ Kd7 40. Nf8+ Kd6 41. Rg7 Rxb5 42. Rh7 Kd5 43. Kg3 Rb3 44. Rxh6 Rxc3+ 45. Kf4 Be3+ 46. Kf5 Bxh6 0-1

[Event "Titled Tuesday intern op 06th Feb Early"]
[Site "Chess.com INT"]
[Date "2024.02.06"]
[Round "3"]
[White "Kubicka, Anna"]
[Black "Beerdsen, Thomas"]
[Result "0-1"]
[WhiteElo "2278"]
[BlackElo "2501"]
[PlyCount "82"]
[EventDate "2024.02.06"]
[EventType "swiss (blitz)"]
[EventRounds "11"]
[EventCountry "USA"]
[SourceTitle "CB07_2024"]
[SourceDate "2024.02.14"]
[SourceVersion "1"]
[SourceVersionDate "2024.02.14"]
[SourceQuality "1"]

1. e4 e5 2. Nf3 Nc6 3. Bb5 f5 4. Nc3 fxe4 5. Nxe4 Nf6 6. Nxf6+ Qxf6 7. 0-0 Be7 8. d4 Nxd4 9. Nxd4 exd4 10. Bc4 c6 11. Qh5+ g6 12. Qh6 d5 13. Bd3 Bf8 14. Re1+ Kf7 15. Qd2 Bd7 16. b3 Bg7 17. Ba3 Rhe8 18. Qb4 b6 19. Qd2 c5 20. Rad1 Bg4 21. f3 Bd7 22. Bc1 Rxe1+ 23. Rxe1 Re8 24. Rxe8 Bxe8 25. a4 Bd7 26. Ba3 Qe5 27. a5 Qe3+ 28. Qf2 Bf5 29. Bxf5 gxf5 30. Kf1 Qxf2+ 31. Kxf2 c4 32. a6 d3 33. bxc4 dxc2 34. cxd5 Bh6 35. g4 fxg4 36. fxg4 c1R 37. Bxc1 Bxc1 38. Kf3 Ke7 39. Ke4 Kd6 40. h4 h6 41. g5 Bxg5 0-1

[Event "Titled Tuesday intern op 09th Jan Early"]
[Site "Chess.com INT"]
[Date "2024.01.09"]
[Round "3"]
[White "Carnicelli, Valerio"]
[Black "Beerdsen, Thomas"]
[Result "0-1"]
[WhiteElo "2427"]
[BlackElo "2502"]
[PlyCount "84"]
[EventDate "2024.01.09"]
[EventType "swiss (blitz)"]
[EventRounds "11"]
[EventCountry "USA"]
[SourceTitle "CB03_2024"]
[SourceDate "2024.01.17"]
[SourceVersion "1"]
[SourceVersionDate "2024.01.17"]
[SourceQuality "1"]

1. b3 Nc6 2. Bb2 e5 3. e3 Nf6 4. Bb5 Bd6 5. Nf3 e4 6. Nd4 Nxd4 7. Bxd4 h5 8. h3 c6 9. Be2 Be7 10. c4 d5 11. cxd5 cxd5 12. Nc3 a6 13. d3 Bf5 14. Rc1 h4 15. 0-0 0-0 16. Be5 Rc8 17. d4 b5 18. Qd2 Qd7 19. Nb1 Qe6 20. Rxc8 Rxc8 21. Rc1 Re8 22. Bf1 Nd7 23. Bh2 Qg6 24. Kh1 b4 25. Qe2 Ra8 26. Rc7 Qb6 27. Qc2 a5 28. Nd2 Be6 29. Be2 Bd8 30. Rc6 Qb7 31. Bd6 Nb6 32. Bh2 a4 33. bxa4 Nxa4 34. Nb1 Nc3 35. Rxc3 bxc3 36. Nxc3 Qc6 37. Qb2 Rc8 38. Nb5 Qc1+ 39. Qxc1 Rxc1+ 40. Bg1 Ba5 41. Kh2 Bd7 42. a4 Ra1 0-1

[Event "Titled Tuesday intern op 09th Jan Early"]
[Site "Chess.com INT"]
[Date "2024.01.09"]
[Round "9"]
[White "Paravyan, David"]
[Black "Beerdsen, Thomas"]
[Result "1-0"]
[WhiteElo "2612"]
[BlackElo "2502"]
[PlyCount "85"]
[EventDate "2024.01.09"]
[EventType "swiss (blitz)"]
[EventRounds "11"]
[EventCountry "USA"]
[SourceTitle "CB03_2024"]
[SourceDate "2024.01.17"]
[SourceVersion "1"]
[SourceVersionDate "2024.01.17"]
[SourceQuality "1"]

1. e4 e5 2. Nf3 Nc6 3. Bc4 Nf6 4. d3 h6 5. a4 d6 6. a5 a6 7. 0-0 Bg4 8. Nbd2 g5 9. c3 Qd7 10. Re1 Bg7 11. Nf1 0-0-0 12. Ne3 Be6 13. b4 d5 14. exd5 Nxd5 15. Qb3 Nf4 16. b5 axb5 17. Qxb5 Bxc4 18. Nxc4 Qd5 19. Qxd5 Nxd5 20. Bd2 f5 21. Nfxe5 Nxe5 22. Nxe5 Rhe8 23. d4 c5 24. a6 bxa6 25. Rxa6 cxd4 26. cxd4 Kb7 27. Rg6 Bxe5 28. Rb1+ Kc8 29. dxe5 Rxe5 30. Rxh6 f4 31. h4 gxh4 32. Rxh4 f3 33. gxf3 Re2 34. Rc1+ Kd7 35. Rd4 Ke6 36. Re4+ Rxe4 37. fxe4 Nf6 38. Bg5 Rg8 39. Rc6+ Ke5 40. f4+ Kxe4 41. Rxf6 Kf3 42. Rc6 Rc8 43. Rxc8 1-0

[Event "Titled Tuesday intern op 14th Nov Early"]
[Site "Chess.com INT"]
[Date "2023.11.14"]
[Round "7"]
[White "Vokhidov, Shamsiddin"]
[Black "Beerdsen, Thomas"]
[Result "0-1"]
[WhiteElo "2589"]
[BlackElo "2504"]
[PlyCount "60"]
[EventDate "2023.11.14"]
[EventType "swiss (blitz)"]
[EventRounds "11"]
[EventCountry "USA"]
[SourceTitle "CB47_2023"]
[SourceDate "2023.11.22"]
[SourceVersion "1"]
[SourceVersionDate "2023.11.22"]
[SourceQuality "1"]

1. b3 Nc6 2. Bb2 e5 3. e3 Nf6 4. Bb5 Bd6 5. Na3 Be7 6. Be2 d5 7. c3 0-0 8. Nc2 Re8 9. d4 exd4 10. cxd4 Bf5 11. Nf3 Bxc2 12. Qxc2 Bb4+ 13. Bc3 Ne4 14. Bxb4 Nxb4 15. Qb2 Re6 16. a3 Nc6 17. 0-0 Qd6 18. Bd3 f5 19. Rac1 Rf8 20. b4 Rh6 21. g3 f4 22. exf4 Rxf4 23. gxf4 Qxf4 24. Rxc6 Qg4+ 25. Kh1 Qxf3+ 26. Kg1 bxc6 27. Bxe4 dxe4 28. Re1 Rg6+ 29. Kf1 Qh3+ 30. Ke2 Qd3# 0-1

[Event "Nottinghamshire Centenary"]
[Site "Nottingham"]
[Date "2023.11.02"]
[Round "7"]
[White "Beerdsen, Thomas"]
[Black "Wadsworth, Matthew J"]
[Result "1-0"]
[WhiteElo "2496"]
[BlackElo "2446"]
[PlyCount "115"]
[EventDate "2023.10.30"]
[EventType "tourn"]
[EventRounds "9"]
[EventCountry "ENG"]
[EventCategory "6"]
[SourceTitle "Mega2024 Update 01"]
[Source "Chessbase"]
[SourceDate "2023.11.12"]
[SourceVersion "1"]
[SourceVersionDate "2023.11.12"]
[SourceQuality "1"]

1. e4 e5 2. Nf3 Nc6 3. Bc4 Nf6 4. d4 exd4 5. e5 d5 6. Bb5 Nd7 7. 0-0 Be7 8. Bxc6 bxc6 9. Nxd4 Nb8 10. Qf3 c5 11. Ne2 Nc6 12. Nbc3 Be6 13. Qg3 Qd7 14. b3 h5 15. h4 Nb4 16. Bf4 d4 17. Na4 Qb5 18. c4 Qc6 19. a3 Nc2 20. Ra2 Qe4 21. Nc1 f6 22. Nd3 fxe5 23. Bxe5 Bxh4 24. Qf3 Qxf3 25. gxf3 Bf5 26. Naxc5 Be7 27. Ne4 Nxa3 28. Rfa1 0-0 29. Rxa3 Bxa3 30. Rxa3 Rae8 31. Bxc7 Bxe4 32. fxe4 Rxe4 33. Ra1 Rg4+ 34. Kf1 h4 35. c5 h3 36. Bd6 Rf6 37. Ke2 Re4+ 38. Kd2 g5 39. Bg3 Rfe6 40. Rxa7 Re2+ 41. Kd1 R2e3 42. Kd2 Re2+ 43. Kc1 Rh6 44. Bh2 g4 45. Kd1 Re8 46. Ra4 g3 47. Bxg3 h2 48. Bxh2 Rxh2 49. Rxd4 Ra8 50. Kc2 Ra2+ 51. Kc3 Kf7 52. c6 Rh6 53. c7 Ra8 54. Rd8 Rh8 55. Ne5+ Ke6 56. Nc6 Rc8 57. Rxh8 Rxh8 58. Na7 1-0